| 000 | 00446nam a22001817a 4500 | ||
|---|---|---|---|
| 005 | 20230830124205.0 | ||
| 008 | 230706b |||||||| |||| 00| 0 eng d | ||
| 020 | _a9789350141359 | ||
| 082 |
_a621.317 _bBHO-D |
||
| 100 | _aBhowmik:Biswajit | ||
| 245 | _aDESIGN & ANALYSIS of ALGORITHMS | ||
| 260 |
_aINDIA _bKATSON _c2011 |
||
| 300 | _a273 | ||
| 500 | _aInclude index | ||
| 650 | _aEngineering | ||
| 700 | _aBiswajit Bhowmik | ||
| 999 |
_c18861 _d18861 |
||